LEADER 01671nam2 2200313 450 001 000019536 005 20070927102750.0 100 $a20061027d1993----km-y0itaa50------ba 101 0 $agrc 102 $aBE 200 1 $aTou en agiois patros emon Gregoriou tou Theologou, archiepiskopou Konstantinoupoleos ta euriskomena panta$dSancti patris nostri Gregorii Theologi, vulgo Nazianzeni, archiepiscopi constantinopolitani, opera quæ exstant omnia$ead mss. codices gallicanos, vaticanos, germanicos, anglicos, nec non ad antiquiores editiones castigata, multis aucta et illustrata, cura et studio monachorum ordinis s. Benedicti e congregatione s. Mauri, accedunt variorum commentarii et scholia in omnia opera sancti Gregorii$faccurante et recognoscente J.-P. Migne 210 $aTurnhout$cBrepols$d1993 215 $a1366 col.$d29 cm 225 2 $aPatrologiae graecae$v36 300 $aTrad. latina a fronte 410 1$12001$aPatrologiae graecae$v36 461 1$1001000019510$12001$aPatrologiae cursus completus$v36 700 0$aGregorius$c: Nazianzenus$c$0172537 702 1$aMigne,$bJacques Paul 801 0$aIT$bUniversità della Basilicata - B.I.A.$gRICA$2unimarc 912 $a000019536 996 $aTou en agiois patros emon Gregoriou tou Theologou, archiepiskopou Konstantinoupoleos ta euriskomena panta$986778 997 $aUNIBAS BAS $aLETTERE CAT $aSTD049$b01$c20061027$lBAS01$h0212 CAT $aMDL$b30$c20070927$lBAS01$h1025 CAT $aMDL$b30$c20070927$lBAS01$h1027 FMT Z30 -1$lBAS01$LBAS01$mBOOK$1BASA1$APolo Storico-Umanistico$2GEN$BCollezione generale$3DF/6229$66229$5F6229$820061027$b1$f98$FConsultazione LEADER 01500cam0-22005171i-450 001 990007181520403321 005 20230327130219.0 035 $a000718152 035 $aFED01000718152 035 $a(Aleph)000718152FED01 100 $a20101222d1978----km-y0itay50------ba 101 0 $aita 102 $aIT 105 $ay---n---101yy 200 1 $aTutela della salute e diritto privato$fa cura di Francesco Donato Busnelli, Umberto Breccia 210 $aMilano$cGiuffrè$d1978 215 $aXX, 573 p.$d24 cm 225 1 $aDiritto e problemi contemporanei$v2 610 0 $aSalute$aTutela giuridica$aCongressi$a1998 676 $a344.450 419$v19$zita 702 1$aBusnelli,$bFrancesco Donato 702 1$aBreccia,$bUmberto$f<1943- > 801 0$aIT$bUNINA$gREICAT$2UNIMARC 901 $aBK 912 $a990007181520403321 952 $aDPR 9-294$b7348$fDEC 952 $aA-III-F-7$b1182$fDDRC 952 $aA-III-F-8$b409$fDDRC 952 $aL-III-12$b2096 lav.$fDDRC 952 $aX A 66$b2523$fDDCIC 952 $aVI E 103$b2665$fDDA 952 $aCOLLEZ. 857 (2)$b.1182$fFSPBC 952 $aVI L 296$b2385$fDDA 952 $a19-E-56$fDDCP 952 $a19-E-65$b4152$fDDCP 952 $aDPR 14-48$b7187$fDEC 952 $aFL PRI 17$bFL-1043$fDECBC 959 $aDDRC 959 $aDDCIC 959 $aDDA 959 $aFSPBC 959 $aDDCP 959 $aDEC 959 $aDECBC 996 $aTutela della salute e diritto privato$966914 997 $aUNINA